000 00495nam a2200181Ia 4500
005 20250508152537.0
008 008 250505s9999 xx 000 0 eng d
037 _aTextual
040 _aFEDL
_beng
_cFEDL
041 _aeng
_2eng
084 _a371.8, HUM
_qFEDL
100 _aKabir Humayun
245 0 _aStudent urnest causes and cure
260 _aCalcutta, India
_bOrient Book Company
_c1958
300 _a131p.
942 _cTEXL
_h371.8, HUM
999 _c1337125
_d1337125